| 000 | 00685nam a22002057a 4500 | ||
|---|---|---|---|
| 999 |
_c64185 _d64185 |
||
| 005 | 20240530110719.0 | ||
| 008 | 180319s2017 ua g 000 f ara d | ||
| 017 |
_a2016/23498 _bمصر. دار الكتب |
||
| 020 | _a9789777950893 | ||
| 040 |
_aEG-CaGPL _cEG-CaGPL |
||
| 082 | 0 | 4 |
_221 _a813.03/ _bش ح |
| 100 | 0 | _aشريف صالح | |
| 245 | 1 | 0 |
_aحارس الفيسبوك : _bرواية / _cشريف صالح . |
| 260 |
_aالقاهرة : _bالدار المصرية اللبنانية ، _c2017 . |
||
| 300 |
_a191 ص. ؛ _c19 سم. |
||
| 650 | 0 | 7 |
_2qrmak _aالقصص العربية |
| 651 | _2qrmak | ||
| 942 |
_2ddc _cBK |
||